000 00561nam a2200193Ia 4500
003 GCL
008 140319s9999 xx 000 0 eng d
040 _aGCL /
_cGCL
082 0 4 _a005.10684
_bF S
100 1 _aFLECHER, TOM
245 1 0 _aSOFTWARE ENGINEERING AND CASE: BRIDGING THE CULTURE GAP /
_cFLECHER, TOM
700 1 _aHUNT,
260 _a[S.N] :
_bMC GRAW - HILL ،
_c1993
300 _a277 P
490 _aCAP GEMIN AMERICA SERIES
_v0
650 0 4 _aMANAGEMENT - INFORMATION SYSTEM
650 0 4 _aCOMPUTER - AIDED SOFTWARE ENGINE
942 _2ddc
_cBK
999 _c21079
_d21079